| 000 | 00656nam a22001937a 4500 | ||
|---|---|---|---|
| 005 | 20220627100940.0 | ||
| 008 | 220627b sp ||||| |||| 00| 0 spa d | ||
| 020 | _a8480025794 | ||
| 050 | 0 | 4 |
_aHV8073 _bA58 1998 |
| 100 | 1 | _aAntón Barberá, Francisco | |
| 245 | 1 | 0 |
_aManual de técnica policial _c/ Francisco Antón Barberá, Juan Vicente de Luis y Turégano. |
| 250 | _a1a ed. | ||
| 260 |
_aValencia, España : _btirant lo blanch, _c1998 |
||
| 300 |
_a246 p. : _bil. ; _c23 cm. |
||
| 504 | _aBibliografía : p. 243-246 | ||
| 650 | 7 |
_2lemb _aInvestigación criminal |
|
| 700 | 1 |
_aLuis y Turégano, Juan Vicente de, _eautor |
|
| 942 |
_2lcc _cLIB |
||
| 999 |
_c162873 _d162871 |
||